<?xml version="1.0" encoding="UTF-8"?>
<collection xmlns="http://www.loc.gov/MARC21/slim">
 <record>
  <leader>01326nam a22002897a 4500</leader>
  <controlfield tag="001">40090</controlfield>
  <controlfield tag="003">BD-DhAAL</controlfield>
  <controlfield tag="005">20250813154240.0</controlfield>
  <controlfield tag="008">221124t2020    bg a|||| |||| 001 0 eng d</controlfield>
  <datafield tag="020" ind1=" " ind2=" ">
   <subfield code="a">9789843445230</subfield>
  </datafield>
  <datafield tag="040" ind1=" " ind2=" ">
   <subfield code="a">BD-DhAAL</subfield>
   <subfield code="d">BD-DhAAL</subfield>
  </datafield>
  <datafield tag="082" ind1=" " ind2=" ">
   <subfield code="a">954.14</subfield>
  </datafield>
  <datafield tag="245" ind1=" " ind2=" ">
   <subfield code="a">History of Bangladesh :</subfield>
   <subfield code="b">Sultanate and Mughal Periods (c. 1200 to 1800 CE).</subfield>
   <subfield code="n">Volume 1 /</subfield>
   <subfield code="c">edited by Abdul Momin Chowdhury</subfield>
  </datafield>
  <datafield tag="260" ind1=" " ind2=" ">
   <subfield code="a">Dhaka :</subfield>
   <subfield code="b">Asiatic society of bangladesh,</subfield>
   <subfield code="c">2020</subfield>
  </datafield>
  <datafield tag="300" ind1=" " ind2=" ">
   <subfield code="a">xxxii, 660 pages :</subfield>
   <subfield code="b">illustrations ;</subfield>
   <subfield code="c">25 cm</subfield>
  </datafield>
  <datafield tag="362" ind1=" " ind2=" ">
   <subfield code="a">Vol. 1</subfield>
  </datafield>
  <datafield tag="504" ind1=" " ind2=" ">
   <subfield code="a">Includes bibliographic references and index.</subfield>
  </datafield>
  <datafield tag="505" ind1=" " ind2=" ">
   <subfield code="a">v. 1. Political history.</subfield>
  </datafield>
  <datafield tag="541" ind1=" " ind2=" ">
   <subfield code="a">Development book agency</subfield>
   <subfield code="e">40090</subfield>
  </datafield>
  <datafield tag="650" ind1=" " ind2=" ">
   <subfield code="a">Bengal (India)</subfield>
   <subfield code="x">Politics and government.</subfield>
   <subfield code="9">52609</subfield>
  </datafield>
  <datafield tag="650" ind1=" " ind2=" ">
   <subfield code="a">Bengal (India)</subfield>
   <subfield code="x">Kings and rulers.</subfield>
   <subfield code="9">52610</subfield>
  </datafield>
  <datafield tag="650" ind1=" " ind2=" ">
   <subfield code="a">Bengal (India)</subfield>
   <subfield code="x">History.</subfield>
   <subfield code="9">52611</subfield>
  </datafield>
  <datafield tag="700" ind1=" " ind2=" ">
   <subfield code="a">Chowdhury, Abdul Momin</subfield>
   <subfield code="9">52738</subfield>
  </datafield>
  <datafield tag="852" ind1=" " ind2=" ">
   <subfield code="a">Ayesha Abed Library</subfield>
   <subfield code="c">General stacks</subfield>
  </datafield>
  <datafield tag="942" ind1=" " ind2=" ">
   <subfield code="2">ddc</subfield>
   <subfield code="c">BK</subfield>
  </datafield>
  <datafield tag="999" ind1=" " ind2=" ">
   <subfield code="c">45071</subfield>
   <subfield code="d">45071</subfield>
  </datafield>
  <datafield tag="952" ind1=" " ind2=" ">
   <subfield code="0">0</subfield>
   <subfield code="1">0</subfield>
   <subfield code="2">ddc</subfield>
   <subfield code="4">0</subfield>
   <subfield code="6">954_140000000000000_HIS</subfield>
   <subfield code="7">0</subfield>
   <subfield code="9">72369</subfield>
   <subfield code="a">BRACUL</subfield>
   <subfield code="b">BRACUL</subfield>
   <subfield code="c">CIR</subfield>
   <subfield code="d">2022-11-20</subfield>
   <subfield code="e">Development Book Agency</subfield>
   <subfield code="g">1750.00</subfield>
   <subfield code="l">151</subfield>
   <subfield code="m">1</subfield>
   <subfield code="o">954.14 HIS</subfield>
   <subfield code="p">3010040090</subfield>
   <subfield code="r">2026-04-20</subfield>
   <subfield code="s">2026-04-20</subfield>
   <subfield code="t">1</subfield>
   <subfield code="v">1750.00</subfield>
   <subfield code="w">2022-11-20</subfield>
   <subfield code="y">1HOUR</subfield>
   <subfield code="x">According to Gazi Md. Mizanur Rahman (Assistant Professor, ENH) instruction, the book has been reserved as one hour loan.</subfield>
  </datafield>
 </record>
</collection>
